FIRST PHILOSOPHY (Record no. 252270)
[ view plain ]
| 000 -LEADER | |
|---|---|
| fixed length control field | 00243nam a22001097a 4500 |
| 020 ## - INTERNATIONAL STANDARD BOOK NUMBER | |
| ISBN | 9781551119724 |
| 100 ## - MAIN ENTRY--AUTHOR NAME | |
| Personal name | ANDREW BAILEY |
| 245 ## - TITLE STATEMENT | |
| Title | FIRST PHILOSOPHY |
| 250 ## - EDITION STATEMENT | |
| Edition statement | 2ND EDITION |
| 260 ## - PUBLICATION, DISTRIBUTION, ETC. (IMPRINT) | |
| Place of publication | CANADA |
| Name of publisher | BROADVIEW PRESS |
| Year of publication | 2011 |
| 942 ## - ADDED ENTRY ELEMENTS (KOHA) | |
| Koha item type | Long Loan Books |
No items available.
